5HLuxD.jpg

KING HENRY VIII SENIOR AND PRIMARY SCHOOL LIBRARY OPAC

100 things to know about science / (Record no. 3641)

000 -LEADER
fixed length control field 01643cam a2200373 i 4500
001 - CONTROL NUMBER
control field (Sirsi) a914930
003 - CONTROL NUMBER IDENTIFIER
control field OSt
005 - DATE AND TIME OF LATEST TRANSACTION
control field 20240319110215.0
008 - FIXED-LENGTH DATA ELEMENTS--GENERAL INFORMATION
fixed length control field 151230s2015 enka c 001 0 eng d
020 ## - INTERNATIONAL STANDARD BOOK NUMBER
International Standard Book Number 9781409582182
Qualifying information (hardcover) :
040 ## - CATALOGING SOURCE
Original cataloging agency AU@
Language of cataloging eng
Transcribing agency AU@
Modifying agency OCLCO
-- YVO
-- OCLCO
-- OCLCF
-- OCLCO
-- TAE
-- KH8
Description conventions rda
042 ## - AUTHENTICATION CODE
Authentication code nbic
082 0# - DEWEY DECIMAL CLASSIFICATION NUMBER
Classification number 500 FRI
100 1# - MAIN ENTRY--PERSONAL NAME
Personal name Frith, Alex,
Relator term author.
245 10 - TITLE STATEMENT
Title 100 things to know about science /
Statement of responsibility, etc. written by Alex Frith, Minna Lacey, Jerome Martin & Jonathan Melmoth ; illustrated by Frederico Mariani & Jorge Martin.
246 3# - VARYING FORM OF TITLE
Title proper/short title One hundred things to know about science.
260 ## - PUBLICATION, DISTRIBUTION, ETC.
Date of publication, distribution, etc. 2015.
264 #1 - PRODUCTION, PUBLICATION, DISTRIBUTION, MANUFACTURE, AND COPYRIGHT NOTICE
Place of production, publication, distribution, manufacture London :
Name of producer, publisher, distributor, manufacturer Usborne Publishing Ltd,
Date of production, publication, distribution, manufacture, or copyright notice 2015.
300 ## - PHYSICAL DESCRIPTION
Extent 127 pages :
Other physical details color illustrations ;
Dimensions 25 cm.
336 ## - CONTENT TYPE
Content type term text
Content type code txt
Source rdacontent.
336 ## - CONTENT TYPE
Content type term still image
Content type code sti
Source rdacontent.
337 ## - MEDIA TYPE
Media type term unmediated
Media type code n
Source rdamedia.
338 ## - CARRIER TYPE
Carrier type term volume
Carrier type code nc
Source rdacarrier.
500 ## - GENERAL NOTE
General note Includes index.
520 ## - SUMMARY, ETC.
Summary, etc. Science is a huge topic, but this friendly book breaks it down into bite-sized chunks, making it an accessible introduction for anyone who wants to find out about this fascinating subject. Highly illustrated, in a pictorial, 'infographics' style, with snippets of information about all aspects of science from particle physics to genes and DNA.
521 1# - TARGET AUDIENCE NOTE
Target audience note Ages 9-12.
650 #0 - SUBJECT ADDED ENTRY--TOPICAL TERM
Topical term or geographic name entry element Science
Form subdivision Miscellanea
-- Juvenile literature.
700 1# - ADDED ENTRY--PERSONAL NAME
Personal name Lacey, Minna,
Relator term author.
700 1# - ADDED ENTRY--PERSONAL NAME
Personal name Martin, Jerome,
Relator term author.
700 1# - ADDED ENTRY--PERSONAL NAME
Personal name Melmoth, Jonathan,
Relator term author.
700 1# - ADDED ENTRY--PERSONAL NAME
Personal name Mariani, Frederico,
Relator term illustrator.
700 1# - ADDED ENTRY--PERSONAL NAME
Personal name Martin, Jorge,
Relator term illustrator.
942 ## - ADDED ENTRY ELEMENTS (KOHA)
Source of classification or shelving scheme
Koha item type Books - Non Ficton
Holdings
Withdrawn status Lost status Source of classification or shelving scheme Damaged status Not for loan Collection code Permanent Location Current Location Shelving location Date acquired Total Checkouts Full call number Barcode Date last seen Date last checked out Price effective from Koha item type
          Non-Fiction KH8 Primary School Library KH8 Primary School Library Non Fiction 2024-03-19 4 500 FRI KHPL000004512 2025-12-05 2025-01-13 2024-03-19 Books - Non Ficton

Powered By KH8 IT Dept